Vybrané časti stavebno-technologickej prípravy pre zadanú stavbu "Bytový dom - Dúbravka"

Salvato in:
Dettagli Bibliografici
Autore principale: Blaškovič, Mário (Autore)
Altri autori: Antošová, Naďa (Relatore della tesi)
Natura: Manoscritto Libro
Lingua:slovacco
Pubblicazione: 2017
Soggetti:
Accesso online:http://is.stuba.sk/zp/portal_zp.pl?podrobnosti=125190
https://opac.crzp.sk/?fn=detailBiblioForm&sid=CBCDB6E5622FB9C0D15E4128BE80
Tags: Aggiungi Tag
Nessun Tag, puoi essere il primo ad aggiungerne!!

MARC

LEADER 00000ntm a22000003a 4500
001 stuzp63615
003 SK-STU
005 20230808144215.2
007 ta
008 150427s2015----xo-----f-mn---000-0-slo-d
040 |a STU  |b slo 
041 0 |a slo 
100 1 |a Blaškovič, Mário  |u 010270  |4 aut  |U SvF Stavebná fakulta  |T SvF Katedra technológie stavieb  |X 54822  |U V270  |Y 28  |7 54822 
242 0 1 |a Selected parts of construction and technology preparation for the given building "Apartment house - Dúbravka"  |y eng 
245 1 0 |a Vybrané časti stavebno-technologickej prípravy pre zadanú stavbu "Bytový dom - Dúbravka" 
260 |c 2017 
650 4 |a zaiadenie staveniska  |2 slo 
650 4 |a časový plán  |2 slo 
650 4 |a zelená strecha  |2 slo 
650 4 |a green roof  |2 eng 
650 4 |a site equipment  |2 eng 
650 4 |a scedule  |2 eng 
700 1 |a Antošová, Naďa  |u 010270  |k Z1  |4 ths  |U SvF Stavebná fakulta  |T SvF Katedra technológie stavieb  |X 3720  |U V270  |Y 28  |7 A000003720 
856 4 |u http://is.stuba.sk/zp/portal_zp.pl?podrobnosti=125190 
856 4 |u https://opac.crzp.sk/?fn=detailBiblioForm&sid=CBCDB6E5622FB9C0D15E4128BE80